|
|
|
|
| LEADER |
01288nam a2200313 a 4500 |
| 001 |
3150232 |
| 008 |
090714r20031984enk b 000 0 eng d |
| 010 |
|
|
|a 74005586
|
| 020 |
|
|
|a 0416178308
|
| 020 |
|
|
|a 0174435916
|
| 020 |
|
|
|a 0174434669 (pbk.)
|
| 020 |
|
|
|a 9814057460
|
| 040 |
|
|
|a DLC
|c DLC
|d DLC
|
| 082 |
0 |
0 |
|a 822.3/3
|2 19
|
| 100 |
1 |
|
|a Shakespeare, William,
|d 1564-1616.
|
| 245 |
1 |
0 |
|a Macbeth /
|c Edited by Kenneth Muir.
|
| 260 |
|
|
|a London :
|b Methuen,
|c 1984 [reprinted 2003]
|
| 300 |
|
|
|a Ixv, 189 p. ;
|c 18 cm.
|
| 490 |
0 |
|
|a The Arden Shakespeare
|
| 504 |
|
|
|a Includes bibliographical references.
|
| 541 |
1 |
|
|e 00014423
|
| 600 |
1 |
0 |
|a Macbeth,
|c King of Scotland,
|d 11th cent.
|x Drama.
|
| 650 |
|
0 |
|a Regicides
|v Drama.
|
| 651 |
|
0 |
|a Scotland
|v Drama.
|
| 700 |
1 |
|
|a Muir, Kenneth,
|e ed.
|
| 852 |
4 |
|
|a Ayesha Abed Library
|j General shelf
|
| 999 |
|
|
|c 2441
|d 2441
|
| 952 |
|
|
|0 0
|1 4
|2 ddc
|4 0
|6 822_330000000000000_SHA
|7 0
|9 2255
|a BRACUL
|b BRACUL
|c GEN
|d 2009-07-15
|g 234.00
|l 0
|o 822.33 SHA
|p 3010014423
|r 2009-07-15
|t 1
|w 2009-07-15
|y BK
|x Koha Inventory 2020
|
| 952 |
|
|
|0 0
|1 0
|2 ddc
|4 0
|6 822_330000000000000_SHA
|7 0
|9 44246
|a BRACUL
|b BRACUL
|c GEN
|d 2014-11-30
|e BRAC Institute of Language (BIL)
|l 3
|m 9
|o 822.33 SHA
|p 3010028626
|r 2025-09-18
|s 2025-08-17
|t 2
|w 2014-11-30
|y BK
|x Transferred from BIL to BRACUL on 06/06/22
|